000 00953cad a22002055a 4500
001 L144300
008 080708s2008 xxkad f s 000 0 eng d
035 _a(Sirsi) u144300
041 0 _aeng
050 0 4 _a333.32 $2 22
110 2 _aStrutt & Parker
_92509
245 0 4 _aThe Strutt and Parker IPD lease events review 2008
_bsummary
_h[electronic resource]
260 _aLondon
_bStrutt and Parker
_c2008
520 _aReports that in 2007 the proportion of leases renewed fell by 17%, down from 33% in 2006. The propensity to let to a new tenant fell somewhat from 29% in 2006 to 25% in 2007, leaving 57% of empty units at the end of the calendar year. This is the highest figure recorded over the past ten years.
590 _aKA
651 4 _aUnited Kingdom
_y
690 _aPROPERTY-COMMERCIAL PROPERTY-COMMERCIAL PROPERTY MARKET
856 4 0 _uhttps://www2.struttandparker.co.uk
_zView this report at www2.struttandparker.co.uk...
942 _n0
999 _c108444
_d108444